LEADER 01703nam 2200385 n 450 001 996385046903316 005 20200824121255.0 035 $a(CKB)4940000000066213 035 $a(EEBO)2240882486 035 $a(UnM)ocm99883255e 035 $a(UnM)99883255 035 $a(EXLCZ)994940000000066213 100 $a19920618d1646 uy 101 0 $aeng 135 $aurbn||||a|bb| 200 10$aEcclesiastes, or, a discourse concerning the gift of preaching as it fals under the rules of art$b[electronic resource] $eShewing the most proper rules and directions, for method, invention, books, expression, whereby a minister may be furnished with such abilities as may make him a workman that needs not to bee ashamed. Very seasonable for these times, wherein the harvest is great, and the skilfull labourers but few. /$fBy John VVilkins. M.A 210 $aLondon, $cPrinted by M. F. for Samuel Gellibrand, and are to be sold at the sign of the Brazen Serpent in Pauls Church-yard.$d1646 215 $a[1]+ leaves 300 $aImperfect: fragment, t.p. only; stained. 300 $aReproduction of original in the British Library. 330 $aeebo-0018 606 $aPreaching$vEarly works to 1800 606 $aSpiritual life$vEarly works to 1800 608 $aTitle pages$zEngland$y17th century. 615 0$aPreaching 615 0$aSpiritual life 700 $aWilkins$b John$f1614-1672.$0459499 801 0$bCu-RivES 801 1$bCu-RivES 801 2$bCStRLIN 801 2$bCu-RivES 906 $aBOOK 912 $a996385046903316 996 $aEcclesiastes, or, A discourse concerning the gift of preaching as it fals under the rules of art$92309200 997 $aUNISA LEADER 01497nam 2200481Ia 450 001 996199281303316 005 20230213211303.0 010 $a1-4008-2017-0 010 $a1-4008-1357-3 035 $a(CKB)111056486504662 035 $a(OCoLC)179163906 035 $a(CaPaEBR)ebrary10035904 035 $a(SSID)ssj0000214756 035 $a(PQKBManifestationID)12029070 035 $a(PQKBTitleCode)TC0000214756 035 $a(PQKBWorkID)10177288 035 $a(PQKB)11259363 035 $a(MiAaPQ)EBC3030285 035 $a(EXLCZ)99111056486504662 100 $a20701102d1970 uy 0 101 0 $aeng 135 $aurcn||||||||| 181 $ctxt 182 $cc 183 $acr 200 10$aOn the medieval origins of the modern state$b[electronic resource] /$fby Joseph R. Strayer 210 $aPrinceton, N.J. $cPrinceton University Press$d1970 215 $a1 online resource (124 p.) 300 $a"Based on the Witherspoon lectures given at Princeton University in 1961." 311 $a0-691-05183-6 320 $aIncludes bibliographical references and index. 606 $aMiddle Ages 607 $aEurope$xPolitics and government 615 0$aMiddle Ages. 676 $a320.1/1 700 $aStrayer$b Joseph R$g(Joseph Reese),$f1904-1987.$0171755 801 0$bMiAaPQ 801 1$bMiAaPQ 801 2$bMiAaPQ 906 $aBOOK 912 $a996199281303316 996 $aOn the medieval origins of the modern state$9299331 997 $aUNISA LEADER 01934nam 2200529Ia 450 001 9910702043603321 005 20120905101052.0 035 $a(CKB)5470000002423693 035 $a(OCoLC)809184214 035 $a(EXLCZ)995470000002423693 100 $a20120905d2012 ua 0 101 0 $aeng 135 $aurmn||||||||| 181 $ctxt$2rdacontent 182 $cc$2rdamedia 183 $acr$2rdacarrier 200 00$aInvestigation, modeling, and analysis of integrated metroplex arrival and departure coordination concepts$b[electronic resource] /$fJohn-Paul B. Clarke ... [and others] 210 1$aHampton, Va. :$cNational Aeronautics and Space Administration, Langley Research Center,$d[2012] 215 $a1 online resource (77 pages, 113 unnumbered pages) $cillustrations (some color) 225 1 $aNASA/CR ;$v2012-217344 300 $aTitle from title screen (viewed on Sept. 5, 2012). 300 $a"February 2012." 300 $a"Performing organization, NASA Langley Research Center, Georgia Tech Research Corp"--Rept. documentation p. 320 $aIncludes bibliographical references (pages 74-77). 606 $aAirspace$2nasat 606 $aNational Airspace System$2nasat 606 $aCoordination$2nasat 606 $aAirports$2nasat 606 $aRoutes$2nasat 606 $aHazards$2nasat 606 $aRunways$2nasat 615 7$aAirspace. 615 7$aNational Airspace System. 615 7$aCoordination. 615 7$aAirports. 615 7$aRoutes. 615 7$aHazards. 615 7$aRunways. 701 $aClarke$b John-Paul B$01405872 712 02$aLangley Research Center. 712 02$aGeorgia Tech Research Institute. 801 0$bGPO 801 1$bGPO 906 $aBOOK 912 $a9910702043603321 996 $aInvestigation, modeling, and analysis of integrated metroplex arrival and departure coordination concepts$93483229 997 $aUNINA